Statistics for Deputy Prime Ministers of the United Kingdom

Click here to take the quiz!

General Stats

  • This quiz has been taken 40 times
    (11 since last reset)
  • The average score is 5 of 7

Answer Stats

TermPartyAnswer% Correct
2010-2015Liberal DemocratNick Clegg
100%
2021-2022ConservativeDominic Raab
88%
2022-2023ConservativeDominic Raab
88%
1997-2007LabourJohn Prescott
75%
1995-1997ConservativeMichael Heseltine
50%
2023-ConservativeOliver Dowden
38%
2022ConservativeThérèse Coffey
38%

Score Distribution

Percentile by Number Answered

Percent of People with Each Score

Your Score History

You have not taken this quiz since the last reset